1760 1721 1753 1813 1941 1995 1826 1530 1384 1856 1175 1419 1713 1567 1739 1456 1037 1226 1717 1183 1070 1915 1745 1372 1365 1829 1682 1353 1250 1152 1627 1487 1785 1453 1754 1158 1815 1720 1518 1687 1320 1422 1764 1396 1695 1002 1156 1986 1204 1442 1075 1782 1673 1449 1595 1073 1652 1917 1271 1430 1860 1287 1923 1958 1712 1085 2000 1678 1369 1864 1263 1879 1433 1331 1107 1670 1193 1984 1230 1243 1340 1729 1195 1012 1534 1529 1814 1713 1202 1951 1806 1277 1579 1115 1201 1751 1687 1881 1887 BCNSPRNW ULIB Ver.6.0+V

เปลี่ยนเป็นภาษาไทย

Change to English
 แสดงรายละเอียดบรรณานุกรม
  กลับหน้าหลัก

Brief Record : Get Marc (ISO 2709) : E-mail record : QR code < ปิดหน้าต่าง
LEADER : 00000nam 2200000uu 4500
001    13399107713
003     ULIB
008    110124s2553||||th 000 0 tha d
020    9789741112661
060 04 WI140^bC641 2553
245 00 Clinical practice in gastroenterology /^cบรรณาธิการ, สถาพรมานัสสถิตย์, สุพจน์ พงศ์ประสบชัย, อุดม คชินทร
250    พิมพ์ครั้งที่ 1
260    กรุงเทพฯ :^bสาขาวิชาโรคระบบทางเดินอาหาร ภาควิชาอายุรศาสตร์คณะแพทยศาสตร์ศิริราชพยาบาล มหาวิทยาลัยมหิดล,^c2553
300    ก-ซ, 441 หน้า :^bภาพประกอบ ;^c27 ซม.
650  7 กระเพาะอาหารและลำไส้, โรค
650  7 กระเพาะอาหารและลำไส้, วิทยา
653    ผลงานอาจารย์คณะแพทยศาสตร์ศิริราชพยาบาล
700 0  สถาพร มานัสสถิตย์,^eบรรณาธิการ
700 0  สุพจน์ พงศ์ประสบชัย,^eบรรณาธิการ
700 0  อุดม คชินทร,^eบรรณาธิการ
710 2  มหาวิทยาลัยมหิดล. ^bคณะแพทยศาสตร์. ^bภาควิชาอายุรศาสตร์.^bสาขาวิชาโรคระบบทางเดินอาหาร
945    ^p400^l0^i029559
945    ^p400^l0^i029558
945    ^p400^l0^i029557
995    เกษร
999 ^a ใช้งานได้ทุกระบบ
รายการนี้ยังไม่มีแท็ก
คุณยังไม่ได้ล็อกอิน คุณสามารถมีกิจกรรมร่วมกับเว็บไซต์ได้ แต่ต้องล็อกอินก่อน ::
  ล็อกอิน

รายการสื่อสารสนเทศ

ลำดับที่ ประเภท เลขเรียก/บาร์โค้ด สถานที่ สถานะ
1. วิทยาศาสตร์การแพทย์ และสุขภาพ
หนังสือสำรอง
สถานะ=หนังสือสำรอง
WI140 C641 2553 ฉ.1 
  Barcode: 029557
ห้องสมุดวิทยาเขตสวรรค์ประชารักษ์
►ส่วนจัดเก็บหนังสือเก่า สปร
บนชั้น
  ขอยืม
2. วิทยาศาสตร์การแพทย์ และสุขภาพ
วิทยาศาสตร์การแพทย์ และสุขภาพ
WI140 C641 2553 ฉ.2 
  Barcode: 029558
ห้องสมุดวิทยาเขตสวรรค์ประชารักษ์
►ส่วนจัดเก็บหนังสือเก่า สปร
บนชั้น
  ขอยืม
3. วิทยาศาสตร์การแพทย์ และสุขภาพ
วิทยาศาสตร์การแพทย์ และสุขภาพ
WI140 C641 2553 ฉ.3 
  Barcode: 029559
ห้องสมุดวิทยาเขตสวรรค์ประชารักษ์
►ส่วนจัดเก็บหนังสือเก่า สปร
บนชั้น
  ขอยืม

รายการใกล้เคียง
    หัวเรื่อง [กระเพาะอาหารและลำไส้, โรค]
    หัวเรื่อง [กระเพาะอาหารและลำไส้, วิทยา]

BibComment


ยังไม่เคยถูกคอมเมนท์

คอมเมนท์ทรัพยากรรายการนี้
  คอมเมนท์: Clinical practice..


 Copyright 2026. Bcnsprnw @Library